Chemical separations: principles, techniques, and experiments
Guardat en:
| Autor principal: | |
|---|---|
| Format: | Llibre |
| Idioma: | anglès |
| Publicat: |
Nueva York
John Wiley
1999
|
| Matèries: | |
| Etiquetes: |
Afegir etiqueta
Sense etiquetes, Sigues el primer a etiquetar aquest registre!
|
MARC
| LEADER | 00000nam a2200000 a 4500 | ||
|---|---|---|---|
| 001 | UCK4469 | ||
| 003 | CL-VaPUC | ||
| 008 | 050610e19990000US |||||||||||||||||eng|d | ||
| 020 | |a 0471351970 | ||
| 082 | 0 | 4 | |a 543.07 |b MEL |2 21 |
| 100 | |a Meloan, Clifton E. |e autor |9 492959 | ||
| 245 | 1 | 0 | |a Chemical separations: principles, techniques, and experiments |
| 300 | |a 752 p | ||
| 942 | |c BK | ||
| 945 | |d 20050610 00:00:00 |a cmena | ||
| 260 | |a Nueva York |b John Wiley |c 1999 | ||
| 650 | 7 | |a SEPARACION QUIMICA |2 CL-VaPUC |9 342424 | |
| 650 | 0 | |a Manuales de laboratorio |9 259429 | |
| 650 | 0 | |a Métodos de investigación |9 262618 | |
| 583 | |a last modification |c 20050610 00:00:00 |k Rodrigo Vera | ||
| 999 | |c 313302 |d 313300 | ||
| 952 | |0 0 |1 0 |4 0 |6 543_070000000000000_MEL_1999 |7 0 |8 A |9 384565 |a BIBCUR |b BIBCUR |d 2019-11-22 |i 4136454 |l 2 |o 543.07 MEL 1999 |p 4136454 |r 2025-04-22 |s 2022-05-12 |w 2019-11-22 |y BK |k QUI | ||